| 000 | 01420nam0a2200373 4500 | ||
|---|---|---|---|
| 001 | RU\NLR\bibl\1314737 | ||
| 005 | 20260405095400.0 | ||
| 010 | _a978-5-17-044992-7 | ||
| 010 |
_a978-5-271-17277-9 _93000 |
||
| 021 |
_aRU _b2008-91062 _95322 |
||
| 035 | _a(NLR Aleph) 001300133 | ||
| 090 |
_a613954 _c613954 |
||
| 100 | _a20090114d2008 |||y0rusy50 ca | ||
| 101 | 0 | _arus | |
| 102 | _aRU | ||
| 105 | _aa ||||||||| | ||
| 200 | 1 |
_aСправочник медицинской сестры _fЕ.А. Федорова |
|
| 210 |
_aМосква _cАСТ _cАстрель _d2008 |
||
| 215 |
_a319 с., [4] л. ил. _d21 |
||
| 225 | 1 | _aНастольная книга | |
| 300 | _aНа обл. авт. не указан | ||
| 320 | _aАлф. указ.: с. 314-319 | ||
| 606 | 1 |
_aСестринское дело _jСправочники _91096567 _3RU\NLR\auth\66431098 |
|
| 606 | 1 |
_aБольные _jСправочники _xУход _92120541 _3RU\NLR\auth\661280536 |
|
| 606 | 1 |
_aПервая помощь _jСправочники _9998215 _3RU\NLR\auth\6660376 |
|
| 686 | _aР11(2)п92я222 | ||
| 686 | _aР35,81я222 | ||
| 686 | _aР35,31я222 | ||
| 700 | 1 |
_4070 _8rus _7ca _aФедорова _bЕ. А. _cканд. мед. наук _gЕлена Александровна _3RU\NLR\auth\7735851 _918846 |
|
| 801 | 0 |
_aRU _bNLR _c20090114 _gRCR |
|
| 801 | 1 |
_aRU _bNLR _c20090114 |
|
| 942 | _cBOOK | ||
| 980 | _aNB | ||